Plaatsen bezocht door koning Willem-Alexander op Koningsdag - Statistieken

Algemene statistieken
  • Deze quiz is 8 keer genomen
  • De gemiddelde score is 10 van 12
Antwoordstatistieken
Jaar Provincie Plaats % Correct
2019 Utrecht Amersfoort
100%
2021 Noord-Brabant Eindhoven
100%
2024 Drenthe Emmen
100%
2018 Groningen Groningen
100%
2022 Limburg Maastricht
100%
2023 Zuid-Holland Rotterdam
100%
2026 Friesland Dokkum
88%
2017 Noord-Brabant Tilburg
88%
2016 Overijssel Zwolle
75%
2014 Noord-Holland Amstelveen / De Rijp
63%
2025 Gelderland Doetinchem
63%
2015 Zuid-Holland Dordrecht
50%
Geen overeenkomende quizzen gevonden
Scoreverdeling
Procent van Mensen met Elke Score
Percentiel versus Aantal Correcte Antwoorden
Uw Scoregeschiedenis
U heeft deze quiz nog niet genomen